=LDR 00000nam 2200000 4500 =001 INLIS000000000038770 =005 20130612144430 =008 ***********************************Ind** =035 ##$$0010-061300000038770 =041 ##$$a Ind =082 ##$$a 813 =090 ##$$a 813, Edw k =100 ##$$a Edwars,Donothy =245 ##$$a Kumpulan cerita adikku yang nakal, Dorothy Edwars =260 ##$$a 2011 $b Jakarta =300 ##$$a 116 hlm, Ilus, 20 cm =650 ##$$a Fiksi Kanak - Kanak =850 ##$$a NBPNMAT